[Event "1. Wittelsbacher Weihnachts-Schach-Open"]
[Site "Kelheim"]
[Date "2012.12.26"]
[Round "1.28"]
[White "Obermeier, Johannes"]
[Black "Winterholler, Christina"]
[Result "0-1"]
[WhiteElo "1310"]
[BlackElo "1880"]
[PlyCount "152"]
[EventDate "2012.??.??"]
[WhiteTeam "SK Kelheim 1920"]
[BlackTeam "SK Ingolstadt"]

1. e4 e5 2. Nf3 Nc6 3. Bc4 Bc5 4. c3 Nf6 5. d4 exd4 6. cxd4 Bb4+ 7. Bd2 Bxd2+
8. Nbxd2 d5 9. exd5 Nxd5 10. Qb3 Nce7 11. a4 O-O 12. O-O c6 13. a5 Rb8 14. Ne4
Bf5 15. Nc5 b6 16. axb6 axb6 17. Na6 Ra8 18. Ne5 Qd6 19. Qg3 Be6 20. Bxd5 Bxd5
21. Rfe1 Nf5 22. Qg4 Be6 23. Qe4 Bc8 24. Red1 Ne7 25. Nc4 Qd5 26. Qxe7 Qxc4 27.
Nc7 Rxa1 28. Rxa1 Qxd4 29. h3 Qxb2 30. Ra8 Qc1+ 31. Kh2 Qf4+ 32. Kg1 Qf6 33.
Qe3 b5 34. Qc5 Rd8 35. Nd5 cxd5 36. Rxc8 Qa1+ 37. Kh2 Qe5+ 38. Kg1 Qa1+ 39. Kh2
Qe5+ 40. g3 Qe8 41. Rxd8 Qxd8 42. Qxb5 d4 43. Qd3 g6 44. Kg2 Qd5+ 45. Qf3 Qc4
46. Qe4 Kf8 47. g4 Qc3 48. Qe5 Qc6+ 49. f3 Qc2+ 50. Kf1 d3 51. Qd6+ Ke8 52.
Qe5+ Kd7 53. Qd5+ Kc8 54. Qxf7 Qe2+ 55. Kg1 d2 56. Qf8+ Kd7 57. Qf7+ Kd6 58.
Qf6+ Kd5 59. Qf7+ Kd4 60. Qf4+ Kc3 61. Qc7+ Kb2 62. Qg7+ Kc2 63. Qc7+ Kd1 64.
Qb7 Ke1 65. Qb4 Qf2+ 66. Kh1 Qxf3+ 67. Kh2 Qf2+ 68. Kh1 Kf1 69. Qc4+ Ke1 70.
Qe4+ Qe2 71. Qb4 Qf3+ 72. Kh2 Ke2 73. Qb2 Qf2+ 74. Kh1 Kf1 75. Qb5+ Qe2 76. Qc5
Qg2# 0-1

[Event "1. Wittelsbacher Weihnachts-Schach-Open"]
[Site "Kelheim"]
[Date "2012.12.26"]
[Round "1.29"]
[White "Arnold, Sebastian"]
[Black "Brunner, Tobias"]
[Result "1-0"]
[WhiteElo "1857"]
[BlackElo "1297"]
[PlyCount "87"]
[EventDate "2012.??.??"]
[WhiteTeam "SK Kelheim 1920"]
[BlackTeam "TSV Nittenau"]

1. d4 d5 2. Nf3 Bf5 3. c4 e6 4. Nc3 Nf6 5. Bg5 Bb4 6. e3 h6 7. Bxf6 Qxf6 8.
Qa4+ Nc6 9. Ne5 Bxc3+ 10. bxc3 O-O 11. Nd7 Qg6 12. Nxf8 Rxf8 13. cxd5 exd5 14.
Qd1 a6 15. Qd2 b5 16. f3 Ne7 17. Kf2 Qf6 18. Bd3 c6 19. Rhe1 Bxd3 20. Qxd3 Qh4+
21. Kg1 Ng6 22. Qe2 Re8 23. Qf2 a5 24. Qxh4 Nxh4 25. Kf2 f5 26. a4 bxa4 27.
Rxa4 Ra8 28. Rea1 Ng6 29. Rxa5 Rb8 30. Ra8 Rxa8 31. Rxa8+ Kf7 32. h4 Ne7 33. g4
fxg4 34. fxg4 g6 35. Kf3 Kf6 36. e4 Ke6 37. Ra6 dxe4+ 38. Kxe4 Kd6 39. c4 Kc7
40. Ra7+ Kd6 41. Rxe7 Kxe7 42. Ke5 g5 43. hxg5 hxg5 44. Kf5 1-0

[Event "1. Wittelsbacher Weihnachts-Schach-Open"]
[Site "Kelheim"]
[Date "2012.12.26"]
[Round "1.30"]
[White "Fernandez-Alvarez, Raul"]
[Black "Zhou, Wile"]
[Result "0-1"]
[WhiteElo "1279"]
[BlackElo "1947"]
[PlyCount "114"]
[EventDate "2012.??.??"]
[WhiteTeam "SG Schwabing München Nord e.V."]
[BlackTeam "SK Kelheim 1920"]

1. e4 c5 2. Nf3 e6 3. c4 Nc6 4. d4 cxd4 5. Nxd4 Nf6 6. f3 Nxe4 7. fxe4 Qh4+ 8.
Kd2 Nxd4 9. Kc3 Qxe4 10. a3 Be7 11. Nd2 Qe5 12. Bd3 Nc6+ 13. Kb3 d5 14. Nf3
dxc4+ 15. Bxc4 Na5+ 16. Kc2 Qc7 17. b3 b5 18. Qd4 Bf6 19. Qe4 Bb7 20. Qf4 Rd8
21. Qxc7 Be4+ 22. Bd3 Rxd3 23. Bd2 Rc3+ 24. Kd1 Rxc7 25. Bxa5 Rd7+ 26. Ke2
Bxf3+ 27. gxf3 Bxa1 28. Rxa1 f5 29. Bb4 Kf7 30. Rc1 g5 31. Bd2 Rg8 32. Rg1 f4
33. Ba5 h5 34. h3 Kf6 35. Bb4 Rc8 36. Rb1 Rc2+ 37. Kf1 Rh2 38. Bc3+ Kf5 39. Re1
Rh1+ 40. Kg2 Rxe1 41. Bxe1 Rd3 42. Bb4 Rxb3 43. Kf2 Rb2+ 44. Kg1 Rxb4 45. axb4
g4 46. Kg2 gxf3+ 47. Kxf3 h4 48. Ke2 Ke4 49. Kf2 f3 50. Kf1 Ke3 51. Ke1 f2+ 52.
Kf1 e5 53. Kg2 Ke2 54. Kh2 e4 55. Kh1 f1=Q+ 56. Kh2 Qf4+ 57. Kh1 Qg5 0-1

[Event "1. Wittelsbacher Weihnachts-Schach-Open"]
[Site "Kelheim"]
[Date "2012.12.26"]
[Round "1.31"]
[White "Simon, Günther"]
[Black "Fritsch, Julian"]
[Result "1-0"]
[WhiteElo "1847"]
[BlackElo "1300"]
[PlyCount "69"]
[EventDate "2012.??.??"]
[WhiteTeam "Regensb. Turnerschaft"]
[BlackTeam "SK Kelheim 1920"]

1. e4 d6 2. d4 Nf6 3. Nc3 g6 4. f3 Bg7 5. Be3 O-O 6. Qd2 Nbd7 7. g4 c5 8. h4
cxd4 9. Bxd4 Nc5 10. O-O-O Ne6 11. Be3 Qa5 12. h5 Nd7 13. hxg6 fxg6 14. Bc4 Ne5
15. b3 Nxf3 16. Nxf3 Rxf3 17. Kb1 Bd7 18. Bd4 Be5 19. Qh6 Rf7 20. Bxe5 Qxe5 21.
Rd5 Qg7 22. Qd2 Raf8 23. Rd1 Nf4 24. Rxd6 exd6 25. Qxf4 Qe5 26. Qxe5 dxe5 27.
Rxd7 Kg7 28. Rxf7+ Rxf7 29. Bxf7 Kxf7 30. g5 Ke7 31. Kc1 Kd7 32. Kd2 Kc6 33.
Ke3 Kc5 34. Nd5 b5 35. Nf6 1-0

[Event "1. Wittelsbacher Weihnachts-Schach-Open"]
[Site "Kelheim"]
[Date "2012.12.26"]
[Round "1.32"]
[White "Antczak, Lena"]
[Black "Grasser, Martin"]
[Result "0-1"]
[WhiteElo "1289"]
[BlackElo "1916"]
[PlyCount "109"]
[EventDate "2012.??.??"]
[WhiteTeam "SK Kelheim 1920"]
[BlackTeam "Regensb. Turnerschaft"]

1. e4 c5 2. Nf3 d6 3. d4 cxd4 4. Nxd4 Nf6 5. Nc3 g6 6. Be3 Bg7 7. Be2 O-O 8.
O-O Bd7 9. f4 Nc6 10. Bf3 Qc8 11. Nxc6 Bxc6 12. Bd4 Rd8 13. Qe2 a6 14. a4 b5
15. axb5 axb5 16. Rxa8 Qxa8 17. e5 Nd5 18. Nxd5 Bxd5 19. Qxb5 Bxf3 20. Rxf3
dxe5 21. Bxe5 Rd5 22. Qe2 Qa7+ 23. Rf2 Bxe5 24. fxe5 Qa1+ 25. Rf1 Qxb2 26. Qf2
Qd4 27. Qxd4 Rxd4 28. Re1 Rd2 29. c4 Rc2 30. Re4 Kg7 31. Kf1 g5 32. h4 h6 33.
h5 f6 34. g4 Kf7 35. e6+ Ke8 36. Rd4 Ra2 37. Ke1 Ra6 38. Re4 Rd6 39. Re2 Rc6
40. Re4 Kd8 41. Rd4+ Kc8 42. Kd2 Rxe6 43. Kd3 Kc7 44. Re4 Rxe4 45. Kxe4 e6 46.
Kd4 Kd6 47. c5+ Kc6 48. Kc4 f5 49. gxf5 exf5 50. Kd4 g4 51. Ke5 g3 52. Kxf5 g2
53. Kg6 g1=Q+ 54. Kxh6 Qg4 55. Kh7 0-1

[Event "1. Wittelsbacher Weihnachts-Schach-Open"]
[Site "Kelheim"]
[Date "2012.12.26"]
[Round "1.33"]
[White "Klarl, Wolfgang"]
[Black "Adlhoch, Walter"]
[Result "1-0"]
[WhiteElo "1817"]
[BlackElo "1271"]
[PlyCount "115"]
[EventDate "2012.??.??"]
[WhiteTeam "DJK-Regensburg Nord e.V."]
[BlackTeam "SK Schwandorf"]

1. f4 g6 2. e4 d6 3. Nf3 Nf6 4. Nc3 Bg7 5. d4 c5 6. d5 O-O 7. Bd3 e6 8. dxe6
Bxe6 9. Qe2 Re8 10. O-O Bd7 11. Qf2 Bc6 12. Re1 Nfd7 13. Qg3 Qc7 14. Bd2 a6 15.
Rab1 b5 16. Nd5 Bxd5 17. exd5 Rxe1+ 18. Qxe1 Nf6 19. c4 bxc4 20. Bxc4 Nbd7 21.
Bc3 Re8 22. Qh4 h6 23. Bxa6 c4 24. Kh1 Qc5 25. Bb7 Ne4 26. Bxg7 Kxg7 27. h3 f5
28. Bc6 Nef6 29. Re1 Rxe1+ 30. Qxe1 Kf7 31. Qe6+ Kf8 32. Bxd7 Nxd7 33. Qxd7
Qxd5 34. Qd8+ Kf7 35. Qd7+ Kg8 36. Qe8+ Kg7 37. Qe7+ Kg8 38. Qe2 Kf7 39. Qd2
Qd3 40. Qxd3 cxd3 41. Kg1 Ke6 42. Kf2 Kd5 43. Ke3 Kc4 44. Nd2+ Kc5 45. Kxd3 d5
46. Nb3+ Kd6 47. Kd4 g5 48. fxg5 hxg5 49. Nd2 Ke6 50. a4 g4 51. hxg4 fxg4 52.
a5 Kd6 53. b4 g3 54. b5 Kc7 55. Kxd5 Kb7 56. Ne4 Kc7 57. Nxg3 Kb7 58. Ne4 1-0

[Event "1. Wittelsbacher Weihnachts-Schach-Open"]
[Site "Kelheim"]
[Date "2012.12.26"]
[Round "1.34"]
[White "Böse, Christina"]
[Black "Schawacht, Max"]
[Result "0-1"]
[WhiteElo "1202"]
[BlackElo "1816"]
[PlyCount "42"]
[EventDate "2012.??.??"]
[WhiteTeam "SC Bechhofen 1923 e.V."]
[BlackTeam "SV Erkenschwick 1923 e"]

1. d4 Nf6 2. Nf3 g6 3. e3 Bg7 4. b3 c5 5. Bb2 cxd4 6. exd4 O-O 7. Bd3 d5 8. O-O
Bg4 9. Nbd2 Nc6 10. c3 Nh5 11. Qc2 Rc8 12. c4 Nf4 13. a3 Qd7 14. Rfe1 dxc4 15.
Qxc4 Nxd4 16. Qb4 Nxd3 17. Qa5 Nxf3+ 18. Nxf3 Bxb2 19. Rad1 Bxf3 20. gxf3 Bc3
21. Qxa7 Bxe1 0-1

[Event "1. Wittelsbacher Weihnachts-Schach-Open"]
[Site "Kelheim"]
[Date "2012.12.26"]
[Round "1.35"]
[White "Kaiser, Dominik"]
[Black "Böse, Carolin"]
[Result "1-0"]
[WhiteElo "1801"]
[BlackElo "1179"]
[PlyCount "36"]
[EventDate "2012.??.??"]
[WhiteTeam "TSV Kareth-Lappersdorf"]
[BlackTeam "SC Bechhofen 1923 e.V."]

1. e4 e5 2. Nf3 Nf6 3. Bc4 Nc6 4. Ng5 d5 5. exd5 Na5 6. Bb5+ c6 7. dxc6 bxc6 8.
Ba4 Qd5 9. c3 Qc4 10. d3 Qd5 11. O-O Bc5 12. b4 Be7 13. bxa5 Bb7 14. Bb3 Qxa5
15. Bxf7+ Kf8 16. Qb3 Ba6 17. Ba3 Nd5 18. Bxe7+ Kxe7 1-0

[Event "1. Wittelsbacher Weihnachts-Schach-Open"]
[Site "Kelheim"]
[Date "2012.12.26"]
[Round "1.36"]
[White "Barani, Christian"]
[Black "Strasser, Josef"]
[Result "0-1"]
[WhiteElo "1150"]
[BlackElo "1915"]
[PlyCount "40"]
[EventDate "2012.??.??"]
[WhiteTeam "SC Bechhofen 1923 e.V."]
[BlackTeam "Schach-Union München e.V."]

1. e4 d5 2. d3 dxe4 3. dxe4 Qxd1+ 4. Kxd1 Nc6 5. Nf3 Bg4 6. Bc4 O-O-O+ 7. Ke2
Nd4+ 8. Ke3 Nb5 9. Bd2 e6 10. Nc3 Bc5+ 11. Ke2 Nd4+ 12. Kd1 Nxf3 13. gxf3 Bxf3+
14. Ke1 Bxh1 15. Ke2 Bg2 16. Rg1 Bh3 17. Rg3 Bxf2 18. Kxf2 Rxd2+ 19. Kg1 Rxc2
20. Rxh3 Rxb2 0-1

[Event "1. Wittelsbacher Weihnachts-Schach-Open"]
[Site "Kelheim"]
[Date "2012.12.26"]
[Round "1.37"]
[White "Schmidt, Franz"]
[Black "Rösch, Maximilian"]
[Result "1-0"]
[WhiteElo "1883"]
[BlackElo "1086"]
[PlyCount "38"]
[EventDate "2012.??.??"]
[WhiteTeam "SK Abensberg"]
[BlackTeam "SK Kelheim 1920"]

1. e4 e5 2. Nf3 Nc6 3. d4 exd4 4. Bc4 Be7 5. Nxd4 Ne5 6. Bb3 Nf6 7. f4 Nc6 8.
e5 Ne4 9. Bd5 Nc5 10. c3 O-O 11. O-O Ne6 12. f5 Nexd4 13. cxd4 Bg5 14. f6 Bxc1
15. Qxc1 gxf6 16. exf6 Kh8 17. Qh6 Rg8 18. Be4 Rg6 19. Bxg6 fxg6 1-0

[Event "1. Wittelsbacher Weihnachts-Schach-Open"]
[Site "Kelheim"]
[Date "2012.12.26"]
[Round "1.38"]
[White "Mühlich, Cornelius"]
[Black "Albrecht, Andreas"]
[Result "0-1"]
[WhiteElo "1073"]
[BlackElo "1756"]
[PlyCount "80"]
[EventDate "2012.??.??"]
[WhiteTeam "SK Kelheim 1920"]
[BlackTeam "Regensb. Turnerschaft"]

1. c4 e5 2. g3 Nf6 3. Bg2 c6 4. Nc3 Bb4 5. Qc2 O-O 6. d3 Re8 7. a3 Bf8 8. Nf3
d5 9. cxd5 cxd5 10. e3 Nc6 11. O-O Be6 12. b4 a6 13. Bb2 Rc8 14. Rac1 d4 15.
exd4 exd4 16. Ne2 Nxb4 17. Qd2 Nc6 18. Nexd4 Bd5 19. Rfe1 Nxd4 20. Nxd4 Bxg2
21. Kxg2 Qd5+ 22. Nf3 Nd7 23. Re3 Nc5 24. Rd1 Nb3 25. Qe2 Qc6 26. Kg1 Qa4 27.
Nd2 Nxd2 28. Rxd2 Red8 29. Qf3 Bxa3 30. Bxa3 Qxa3 31. Rd1 b5 32. Rde1 Qf8 33.
Qb7 Ra8 34. Ra1 Rdb8 35. Qc6 a5 36. Re5 Qb4 37. Rae1 a4 38. R1e4 Qf8 39. Rxb5
a3 40. Rxb8 Qxb8 0-1

[Event "1. Wittelsbacher Weihnachts-Schach-Open"]
[Site "Kelheim"]
[Date "2012.12.26"]
[Round "1.39"]
[White "Vilsmeier, Christian"]
[Black "Schwab, Leon"]
[Result "1-0"]
[WhiteElo "1755"]
[BlackElo "1014"]
[PlyCount "59"]
[EventDate "2012.??.??"]
[WhiteTeam "DJK-Regensburg Nord e.V."]
[BlackTeam "SK Kelheim 1920"]

1. e4 c5 2. Nc3 Nc6 3. g3 d6 4. Bg2 g6 5. d3 Bg7 6. Nge2 Nf6 7. h3 O-O 8. Be3
a6 9. Qd2 Nb4 10. a3 Qa5 11. O-O Nc6 12. Bh6 Nd4 13. Bxg7 Kxg7 14. f4 Nc6 15.
g4 Nd4 16. f5 e5 17. Rac1 Rb8 18. Qe1 Qb6 19. g5 Nh5 20. f6+ Kg8 21. Nxd4 cxd4
22. Nd5 Qxb2 23. Qh4 Kh8 24. Bf3 Nf4 25. Nxf4 exf4 26. Qh6 Rg8 27. Bg4 Bxg4 28.
hxg4 Qxa3 29. Kf2 b5 30. Qxh7+ 1-0

[Event "1. Wittelsbacher Weihnachts-Schach-Open"]
[Site "Kelheim"]
[Date "2012.12.26"]
[Round "1.40"]
[White "Hauenstein, Luis"]
[Black "Zwetz, Jasmin"]
[Result "0-1"]
[WhiteElo "998"]
[BlackElo "1730"]
[PlyCount "36"]
[EventDate "2012.??.??"]
[WhiteTeam "SC Bechhofen 1923 e.V."]
[BlackTeam "TSV Kareth-Lappersdorf"]

1. e4 e6 2. d3 d5 3. e5 c5 4. f4 Nc6 5. Nf3 Be7 6. d4 Nh6 7. Be3 Nf5 8. Qd2
Nxe3 9. Qxe3 Qb6 10. b3 cxd4 11. Qd3 Bd7 12. g3 Bb4+ 13. c3 dxc3 14. Nxc3 d4
15. Rc1 Bxc3+ 16. Kd1 Nb4 17. Qe2 O-O 18. Qf2 Bc6 0-1

[Event "1. Wittelsbacher Weihnachts-Schach-Open"]
[Site "Kelheim"]
[Date "2012.12.26"]
[Round "1.41"]
[White "Meul, Willi"]
[Black "Pritschet, Lena"]
[Result "1-0"]
[WhiteElo "1856"]
[BlackElo "954"]
[PlyCount "105"]
[EventDate "2012.??.??"]
[WhiteTeam "SV 1925 Hürth-Berrenra"]
[BlackTeam "SK Kelheim 1920"]

1. d4 d5 2. Nf3 Nf6 3. e3 Nc6 4. c3 Bf5 5. Qb3 Na5 6. Qa4+ Qd7 7. Qxa5 b6 8.
Qb5 Qxb5 9. Bxb5+ Bd7 10. Bd3 e6 11. Nbd2 Be7 12. e4 O-O 13. e5 Ng4 14. h3 Nh6
15. O-O f6 16. exf6 Bxf6 17. Ne5 Be8 18. Ndf3 c5 19. Bxh6 gxh6 20. Rfe1 Bh5 21.
Re3 c4 22. Bc2 Bg5 23. Nxg5 hxg5 24. Rae1 Rf6 25. f3 Bg6 26. Nxg6 hxg6 27. Rxe6
Kf7 28. Rxf6+ Kxf6 29. Re5 b5 30. Rxd5 Rb8 31. a3 a5 32. Rd6+ Kf7 33. Rxg6 Re8
34. Rxg5 Re2 35. Bg6+ Kf6 36. Re5 Rxb2 37. Be8 b4 38. axb4 axb4 39. cxb4 c3 40.
Rc5 Rxb4 41. d5 Ke5 42. Rxc3 Kxd5 43. Re3 Rb8 44. h4 Kd4 45. Re4+ Kd3 46. h5
Rb7 47. Bg6 Kd2 48. h6 Rd7 49. h7 Rd8 50. Re8 Rd7 51. h8=Q Rc7 52. Qd4+ Kc1 53.
Re1# 1-0

[Event "1. Wittelsbacher Weihnachts-Schach-Open"]
[Site "Kelheim"]
[Date "2012.12.26"]
[Round "1.42"]
[White "Thamm, Felix"]
[Black "Miethaner, Ulrich"]
[Result "0-1"]
[WhiteElo "810"]
[BlackElo "1720"]
[PlyCount "52"]
[EventDate "2012.??.??"]
[WhiteTeam "SF Tegernheim"]
[BlackTeam "SC Bavaria Regensb.1881"]

1. e4 d5 2. Nc3 dxe4 3. Nxe4 Nc6 4. d3 e5 5. Be3 Be7 6. Nf3 Nf6 7. Be2 O-O 8.
Nfd2 Nd5 9. O-O f5 10. Bc5 fxe4 11. Bxe7 Qxe7 12. dxe4 Nf4 13. Bc4+ Be6 14. Bb5
Rad8 15. Qc1 Nd4 16. Re1 Nxb5 17. c3 Qg5 18. g3 Nh3+ 19. Kh1 Nxf2+ 20. Kg2 Rxd2
21. Rf1 Bh3+ 22. Kg1 Bxf1 23. Qxf1 Ng4 24. Qc4+ Kh8 25. Rf1 Qe3+ 26. Rf2 Qxf2+
0-1

[Event "1. Wittelsbacher Weihnachts-Schach-Open"]
[Site "Kelheim"]
[Date "2012.12.27"]
[Round "2.1"]
[White "Schindler, Gernot"]
[Black "Pezerovic, Edin"]
[Result "0-1"]
[WhiteElo "2023"]
[BlackElo "2442"]
[PlyCount "106"]
[EventDate "2012.??.??"]
[WhiteTeam "SK Kelheim 1920"]
[BlackTeam "Münchener SC 1836 e.V."]

1. c4 e5 2. g3 Nf6 3. Nc3 Bc5 4. Bg2 O-O 5. Nf3 Nc6 6. a3 a5 7. O-O d6 8. h3 h6
9. e3 e4 10. Ne1 Re8 11. d4 Ba7 12. Bd2 Bf5 13. Nc2 Qd7 14. Kh2 d5 15. c5 Nd8
16. Qe2 Ne6 17. Rg1 c6 18. Ne1 Ng5 19. Qf1 h5 20. f4 exf3 21. Nxf3 Nge4 22.
Nxe4 Nxe4 23. Be1 Bb8 24. h4 Nf6 25. Bf2 Ng4+ 26. Kh1 Nxe3 27. Bxe3 Rxe3 28.
Qf2 Re8 29. Rae1 Bc7 30. Ne5 Bxe5 31. dxe5 d4 32. Qf4 d3 33. Rd1 Rad8 34. Rd2
g6 35. Re1 Qd4 36. Qe3 Qxe3 37. Rxe3 f6 38. Kg1 fxe5 39. Be4 Bxe4 40. Rxe4 Rd5
41. b4 axb4 42. axb4 Ra8 43. Kf2 Kf7 44. Rc4 Ke6 45. Ke3 Ra1 46. g4 Rh1 47.
gxh5 gxh5 48. Kf3 Rf1+ 49. Ke3 Kf5 50. Rxd3 Rxd3+ 51. Kxd3 Rf4 52. Rc2 Rxb4 53.
Rf2+ Ke6 0-1

[Event "1. Wittelsbacher Weihnachts-Schach-Open"]
[Site "Kelheim"]
[Date "2012.12.27"]
[Round "2.2"]
[White "Berchtenbreiter, Maximilian"]
[Black "Seitner, Ralf"]
[Result "1-0"]
[WhiteElo "2360"]
[BlackElo "1877"]
[PlyCount "103"]
[EventDate "2012.??.??"]
[WhiteTeam "SGem Pang/Rosenheim"]
[BlackTeam "SK Neumarkt e.V."]

1. e4 c6 2. d4 d5 3. exd5 cxd5 4. c4 Nf6 5. Nc3 Nc6 6. cxd5 Nxd5 7. Bb5 Bf5 8.
Qa4 Qd6 9. Nf3 Bd7 10. O-O a6 11. Be2 e6 12. Qb3 Qb4 13. Nxd5 Qxb3 14. axb3
exd5 15. Bd2 Bd6 16. Bc3 Bg4 17. h3 Bh5 18. g4 Bg6 19. Nh4 Be4 20. Nf5 Bxf5 21.
gxf5 f6 22. Bh5+ Kd7 23. Bf7 g6 24. Bxd5 gxf5 25. Rfe1 Rhe8 26. Kf1 Rxe1+ 27.
Kxe1 Nb4 28. Bxb4 Bxb4+ 29. Ke2 Re8+ 30. Kd3 Re1 31. Rxe1 Bxe1 32. Bxb7 a5 33.
Ke2 Bb4 34. f4 Bd6 35. Ke3 Bb4 36. Bd5 Bd6 37. Bg8 h6 38. d5 Bc5+ 39. Kd3 Kd6
40. Kc4 Be3 41. b4 axb4 42. Kxb4 Bxf4 43. Kc4 Be3 44. Be6 Ke5 45. Kb5 f4 46.
Kc6 f3 47. Bg4 Ke4 48. h4 f5 49. Bh3 Bd2 50. d6 Ba5 51. d7 f2 52. b4 1-0

[Event "1. Wittelsbacher Weihnachts-Schach-Open"]
[Site "Kelheim"]
[Date "2012.12.27"]
[Round "2.3"]
[White "Bumes, Konrad"]
[Black "Kantans, Toms"]
[Result "0-1"]
[WhiteElo "1872"]
[BlackElo "2355"]
[PlyCount "86"]
[EventDate "2012.??.??"]
[WhiteTeam "SC Haar 1931"]

1. d4 Nf6 2. g3 g6 3. Bg2 Bg7 4. e4 d6 5. Ne2 O-O 6. O-O c5 7. dxc5 dxc5 8.
Qxd8 Rxd8 9. Nbc3 Nc6 10. Be3 Nd4 11. Rad1 e5 12. Bg5 Bg4 13. f3 Be6 14. Nxd4
cxd4 15. Nd5 Nxd5 16. Bxd8 Ne3 17. Bg5 Nxd1 18. Rxd1 Rc8 19. c3 dxc3 20. bxc3
f6 21. Be3 b6 22. Rc1 Bf8 23. Rc2 Bb4 24. Bd2 Rc4 25. Bf1 Bc5+ 26. Kg2 Ra4 27.
c4 Kf7 28. Be2 Ke7 29. f4 exf4 30. gxf4 Bd4 31. h4 Kd6 32. Bc1 Kc5 33. Kf3 Bxc4
34. Bxc4 Rxc4 35. Rxc4+ Kxc4 36. f5 Kd3 37. Bf4 gxf5 38. exf5 h5 39. Bb8 b5 40.
Bd6 a5 41. a3 Bc3 42. Bc7 b4 43. axb4 axb4 0-1

[Event "1. Wittelsbacher Weihnachts-Schach-Open"]
[Site "Kelheim"]
[Date "2012.12.27"]
[Round "2.4"]
[White "Meskovs, Nikita"]
[Black "Brack, Johannes"]
[Result "1-0"]
[WhiteElo "2314"]
[BlackElo "1865"]
[PlyCount "82"]
[EventDate "2012.??.??"]
[BlackTeam "Regensb. Turnerschaft"]

1. d4 Nf6 2. c4 g6 3. Nc3 Bg7 4. e4 d6 5. Nf3 O-O 6. h3 e5 7. d5 Na6 8. Bg5 h6
9. Be3 Nh7 10. g4 f5 11. gxf5 gxf5 12. exf5 Bxf5 13. Nd2 Qh4 14. a3 Nc5 15. Rg1
a5 16. Qf3 Kh8 17. Qg3 Qe7 18. Be2 Rg8 19. O-O-O Raf8 20. Bxc5 dxc5 21. Nde4
Ng5 22. Qh4 Bxe4 23. Nxe4 Rf4 24. Rg4 Rgf8 25. f3 R8f7 26. d6 cxd6 27. Nxd6
R7f6 28. Ne4 Nxe4 29. fxe4 Qf8 30. Qh5 Rf2 31. Rg3 Rd6 32. Rxd6 Qxd6 33. Rd3
Qf6 34. Kb1 Qf4 35. Rd8+ Kh7 36. Ka2 Qe3 37. Bg4 Qxe4 38. Be6 Bf8 39. Rd7+ Kh8
40. Bd5 Qd4 41. Rxb7 e4 1-0

[Event "1. Wittelsbacher Weihnachts-Schach-Open"]
[Site "Kelheim"]
[Date "2012.12.27"]
[Round "2.5"]
[White "Zhou, Wile"]
[Black "Maier, Alexander"]
[Result "0-1"]
[WhiteElo "1947"]
[BlackElo "2306"]
[PlyCount "32"]
[EventDate "2012.??.??"]
[WhiteTeam "SK Kelheim 1920"]
[BlackTeam "SK Ingolstadt"]

1. e4 e5 2. Nf3 Nc6 3. d4 exd4 4. Bc4 Bc5 5. c3 Nf6 6. e5 d5 7. Bb5 Ne4 8. Nxd4
O-O 9. f3 Qh4+ 10. g3 Nxg3 11. Bg5 Qxg5 12. hxg3 Qxg3+ 13. Kd2 Nxd4 14. cxd4
Bxd4 15. Bd3 Qg2+ 16. Kc1 Qxb2# 0-1

[Event "1. Wittelsbacher Weihnachts-Schach-Open"]
[Site "Kelheim"]
[Date "2012.12.27"]
[Round "2.6"]
[White "Promyshlyanskyy, Vitaliy"]
[Black "Arnold, Sebastian"]
[Result "1-0"]
[WhiteElo "2237"]
[BlackElo "1857"]
[PlyCount "37"]
[EventDate "2012.??.??"]
[WhiteTeam "SC Noris-Tarrasch Nürnberg 1873"]
[BlackTeam "SK Kelheim 1920"]

1. e4 c5 2. Nc3 Nc6 3. Bb5 d6 4. Bxc6+ bxc6 5. d3 g6 6. f4 Bg7 7. Nf3 Rb8 8.
O-O e6 9. Qe1 Ne7 10. e5 d5 11. Qf2 d4 12. Ne4 Nf5 13. g4 Ne3 14. Nd6+ Ke7 15.
Bxe3 dxe3 16. Qxe3 Rxb2 17. Qxc5 Bf8 18. Nxc8+ Kd7 19. Qd4+ 1-0

[Event "1. Wittelsbacher Weihnachts-Schach-Open"]
[Site "Kelheim"]
[Date "2012.12.27"]
[Round "2.7"]
[White "Winterholler, Christina"]
[Black "Gießmann, Stephan"]
[Result "1/2-1/2"]
[WhiteElo "1880"]
[BlackElo "2245"]
[PlyCount "103"]
[EventDate "2012.??.??"]
[WhiteTeam "SK Ingolstadt"]
[BlackTeam "SK Kelheim 1920"]

1. e4 e6 2. d4 d5 3. exd5 exd5 4. Nf3 Bd6 5. Be2 Nf6 6. O-O O-O 7. Bg5 Re8 8.
Nbd2 Bf5 9. c4 c6 10. Re1 Nbd7 11. a3 h6 12. Bh4 dxc4 13. Nxc4 Bc7 14. Qb3 Nb6
15. Nxb6 axb6 16. Bc4 Rf8 17. Ne5 Qxd4 18. Bxf7+ Kh7 19. Bg3 Ne4 20. Nf3 Qd7
21. Bc4 Nxg3 22. Rad1 Qc8 23. hxg3 Kh8 24. Be6 Bxe6 25. Rxe6 Re8 26. Rde1 Qd7
27. Nh4 Rxe6 28. Qxe6 Qxe6 29. Rxe6 Rd8 30. Re7 Rd1+ 31. Kh2 Bd6 32. Rxb7 b5
33. Nf5 Be5 34. b4 Rd3 35. Ne7 Bb2 36. Nxc6 Rd5 37. Ra7 Kh7 38. a4 bxa4 39.
Rxa4 Bc3 40. Ra5 Rd2 41. f3 Rb2 42. Rb5 Kg6 43. Rb7 Kf6 44. b5 Ke6 45. f4 Bf6
46. g4 Kd6 47. Ne5 Bxe5 48. fxe5+ Kxe5 49. Rxg7 Rxb5 50. Rg6 Rb8 51. Rxh6 Kf4
52. Rh4 1/2-1/2

[Event "1. Wittelsbacher Weihnachts-Schach-Open"]
[Site "Kelheim"]
[Date "2012.12.27"]
[Round "2.8"]
[White "Kunz, Konstantin"]
[Black "Simon, Günther"]
[Result "1-0"]
[WhiteElo "2228"]
[BlackElo "1847"]
[PlyCount "120"]
[EventDate "2012.??.??"]
[WhiteTeam "SC Kitzingen von 1905"]
[BlackTeam "Regensb. Turnerschaft"]

1. d4 d6 2. e4 Nf6 3. Nc3 g6 4. h3 Bg7 5. Nf3 O-O 6. Bd3 c6 7. O-O Qc7 8. Bf4
Nh5 9. Bh2 e5 10. dxe5 dxe5 11. Ne2 Nd7 12. c3 Nc5 13. Bc2 Be6 14. b4 Rad8 15.
Qb1 Bc4 16. Re1 Nd3 17. Bxd3 Rxd3 18. Qc1 Rfd8 19. Qg5 f6 20. Qc1 Qf7 21. a4 a6
22. a5 Bb3 23. Qb2 Bc4 24. Qc1 Qf8 25. Qb2 Qe7 26. Qc1 Be6 27. Qc2 Qd7 28. Ned4
Bc4 29. Nb3 Bf8 30. Nc5 Bxc5 31. bxc5 Qe6 32. Qb2 R8d7 33. Qb4 Ng7 34. Rac1 Bb3
35. Bg3 Bd1 36. Nh2 Nh5 37. Nf1 Nxg3 38. Nxg3 Rd2 39. Nf1 R2d3 40. Ne3 Bb3 41.
Rb1 Ba2 42. Rb2 Qf7 43. c4 Rxe3 44. Rxe3 Bxc4 45. Rd2 Rd4 46. Qc3 Rxd2 47. Qxd2
g5 48. Rc3 Bb5 49. Rc2 Qb3 50. Qc3 Qb1+ 51. Kh2 Kg7 52. Qd2 Kg6 53. f3 h5 54.
g3 h4 55. gxh4 gxh4 56. Qg2+ Kf7 57. Rd2 Bd3 58. Qg4 Qf1 59. Qd7+ Kg6 60. Qxd3
Qe1 1-0

[Event "1. Wittelsbacher Weihnachts-Schach-Open"]
[Site "Kelheim"]
[Date "2012.12.27"]
[Round "2.9"]
[White "Grasser, Martin"]
[Black "Fuhrmann, Max"]
[Result "0-1"]
[WhiteElo "1916"]
[BlackElo "2155"]
[PlyCount "108"]
[EventDate "2012.??.??"]
[WhiteTeam "Regensb. Turnerschaft"]
[BlackTeam "SK Kelheim 1920"]

1. e4 c6 2. d4 d5 3. exd5 cxd5 4. c4 Nf6 5. Nc3 e6 6. Bg5 Be7 7. Nf3 O-O 8. Bd3
dxc4 9. Bxc4 Nc6 10. O-O Nd5 11. Bxe7 Ncxe7 12. Rc1 b6 13. Ne2 Bb7 14. Qd2 Qd6
15. Rfd1 Rad8 16. a3 Nf5 17. Ba2 Nde7 18. Ne5 Nc6 19. Nxc6 Bxc6 20. Qc2 Bb5 21.
d5 Bxe2 22. Qxe2 e5 23. Rc6 Qe7 24. Qe4 Nd6 25. Qb4 Rd7 26. Re1 g6 27. Rc3 Kg7
28. Rh3 h6 29. Qd2 Rh8 30. Qc3 Rc7 31. Qd2 f5 32. Rhe3 Re8 33. Rc3 Rxc3 34.
Qxc3 Qf6 35. h3 e4 36. Rc1 Re7 37. Qb4 Qe5 38. Rc6 Rd7 39. Kf1 Kf6 40. Qd2 Kg7
41. g3 g5 42. Qc2 f4 43. Rc7 Rf7 44. Rxf7+ Kxf7 45. gxf4 gxf4 46. Qc7+ Qe7 47.
Qc1 Qe5 48. Qc7+ Kg6 49. Bb1 f3 50. Bxe4+ Qxe4 51. Qxd6+ Kh5 52. Qe6 Qb1+ 53.
Qe1 Qd3+ 54. Kg1 Qg6+ 0-1